| 000 | 01357nam a2200289 i 4500 | ||
|---|---|---|---|
| 001 | 47631 | ||
| 003 | SpMaBN | ||
| 005 | 20250702170423.0 | ||
| 008 | 030304s2001 sp a |||| |dspa d | ||
| 080 | _a929 Castro, Fernando de :37(063) | ||
| 080 | _a1 Krause, Karl Christian Friedrich.073(460)(063) | ||
| 080 | _a37(460)"18"(063) | ||
| 245 | 0 | 0 | _aFernando de Castro y su legado intelectual. |
| 260 |
_a[Madrid] : _bFundación Fernando de Castro : _bFundación Beneficentia et Peritia Iuris, _c[2001] |
||
| 300 |
_a211 p. : _bil. ; _c24 cm. |
||
| 594 | _aRecoge las ponencias de las Jornadas que, con el mismo título, organizaron el Colegio de Registradores y la Fundación Fernando de Castro, en la primavera de 2001. | ||
| 600 | 1 | 7 |
_aCastro, Fernando de, _d1814-1874- _vCongresos y asambleas _2 _9169890 |
| 650 | 0 | 7 |
_aKrausismo- _zEspaña- _vCongresos y asambleas. _9169892 |
| 650 | 0 | 0 |
_aEnseñanza- _zEspaña- _vCongresos y asambleas. _912284 |
| 710 | 2 |
_aFundación Fernando de Castro. _9169891 |
|
| 710 | 2 |
_aFundación Beneficentia et Perita Iuris. _94232 |
|
| 710 | 2 |
_aColegio de Registradores de la Propiedad y Mercantiles de España. _92938 |
|
| 852 |
_aES-MaACL _jA-14564 _949428 _bR.152018 _cDEPO1 _dOlim: N-7564 _hDonación: José Lázaro |
||
| 903 |
_9234219 _aLázaro García, José _ednr |
||
| 942 |
_2udc _cMONOGRAFIA |
||
| 999 |
_c47631 _d47631 |
||